Microbiología ambiental.
Sábháilte in:
| Príomhchruthaitheoir: | |
|---|---|
| Rannpháirtithe: | |
| Formáid: | LEABHAR |
| Teanga: | Spáinnis |
| Foilsithe / Cruthaithe: |
Zaragoza, España:
Acribia,
1989.
|
| Ábhair: | |
| Clibeanna: |
Cuir clib leis
Níl clibeanna ann, Bí ar an gcéad duine le clib a chur leis an taifead seo!
|
MARC
| LEADER | 00000nam a2200000 a 4500 | ||
|---|---|---|---|
| 001 | UCT5698 | ||
| 003 | CL-VaPUC | ||
| 005 | 20250321101905.0 | ||
| 008 | 961216t19890000SP |||||||||||||||||spa|d | ||
| 999 | |c 254571 |d 254569 | ||
| 020 | |a 84-200-0665-3 | ||
| 040 | |c Pontificia Universidad Católica de Valparaíso | ||
| 082 | 0 | 4 | |a 576.15 GRA 1989 |2 21 |
| 100 | 0 | |a Grant, W. D |9 375309 |e autor | |
| 245 | 1 | 0 | |a Microbiología ambiental. |
| 260 | 0 | 3 | |a Zaragoza, España: |b Acribia, |c 1989. |
| 300 | |a 222 páginas: |b ilustraciones. | ||
| 500 | |a c.3-c.4. Instituto Arcos.08-01-2025. | ||
| 583 | |a last modification |c 19961216 00:00:00 |k Rodrigo Vera | ||
| 650 | 0 | |a Microbiología |9 259706 | |
| 650 | 0 | |a Ecología microbiana |9 269811 | |
| 650 | 0 | |a Microorganismos |9 264259 |x Medio ambiente | |
| 700 | 0 | |a Long, P. E |9 375310 |e autor | |
| 942 | |c BK |2 ddc |n 0 | ||
| 945 | |d 19961216 00:00:00 |a rleighto | ||
| 952 | |0 0 |1 0 |2 ddc |4 0 |6 576_150000000000000_GRA_1989 |7 0 |8 A |9 276337 |a BIBCUR |b BIBCUR |d 2019-11-19 |i 3260275 |l 2 |o 576.15 GRA 1989 |p 3260275 |r 2025-04-30 |s 2025-04-22 |t 1 |w 2019-11-19 |y BK |k BIO | ||
| 952 | |0 0 |1 0 |2 ddc |4 0 |6 576_150000000000000_GRA_1989 |7 0 |8 A |9 276338 |a BIBAGR |b BIBAGR |d 2019-11-19 |i 4253582 |l 3 |m 1 |o 576.15 GRA 1989 |p 4253582 |r 2025-04-04 |s 2025-04-04 |t 2 |w 2019-11-19 |y BK |k AGR | ||
| 952 | |0 0 |1 0 |2 ddc |4 0 |6 576_150000000000000_GRA_1989 |7 0 |8 A |9 599747 |a BIBINC |b BIBINC |c GEN |d 2025-01-22 |e Instituto Arcos |i 5664678 |o 576.15 GRA 1989 |p 5664678 |r 2025-01-22 |t 3 |w 2025-01-22 |y BK |k IFP | ||
| 952 | |0 0 |1 0 |2 ddc |4 0 |6 576_150000000000000_GRA_1989 |7 0 |8 A |9 599748 |a BIBINC |b BIBINC |c GEN |d 2025-01-22 |e Instituto Arcos |i 5664679 |o 576.15 GRA 1989 |p 5664679 |r 2025-01-22 |t 4 |w 2025-01-22 |y BK |k IFP | ||